European Colonialism in Africa (1914) Quiz Stats

 Plays Quiz not verified by Sporcle

Score 0/53 Timer 03:00
0 Plays Today
Country Colonial Power in 1914 % Correct
EgyptUnited Kingdom
74.9%
Ivory CoastFrance
74.5%
AlgeriaFrance
74.4%
South AfricaUnited Kingdom
74.3%
MoroccoFrance
74.1%
MaliFrance
73.2%
NigeriaUnited Kingdom
73.2%
KenyaUnited Kingdom
73.1%
SenegalFrance
73%
Central African RepublicFrance
72.9%
ChadFrance
72.7%
GhanaUnited Kingdom
72.7%
Burkina FasoFrance
72.5%
TanzaniaGermany
72.1%
SwazilandUnited Kingdom
72.1%
NigerFrance
72%
SomaliaItaly
71.9%
BotswanaUnited Kingdom
71.9%
GabonFrance
71.9%
BeninFrance
71.8%
TunisiaFrance
71.8%
SudanUnited Kingdom
71.6%
UgandaUnited Kingdom
71.2%
Congo, Republic of France
71%
MalawiUnited Kingdom
71%
ZambiaUnited Kingdom
71%
GuineaFrance
71%
Country Colonial Power in 1914 % Correct
ZimbabweUnited Kingdom
70.9%
LesothoUnited Kingdom
70.8%
Gambia, TheUnited Kingdom
70.7%
MadagascarFrance
70.5%
MauritaniaFrance
70.3%
DjiboutiFrance
70.2%
MauritiusUnited Kingdom
70.1%
Sierra LeoneUnited Kingdom
70%
TogoGermany
69.6%
SeychellesUnited Kingdom
69.4%
ComorosFrance
68.7%
Cape VerdePortugal
68.6%
Sao Tome and PrincipePortugal
68.1%
MozambiquePortugal
67.9%
AngolaPortugal
67.5%
Congo, Democratic Republic of Belgium
66.6%
LibyaItaly
65.5%
RwandaGermany
64%
NamibiaGermany
63.5%
EritreaItaly
63.2%
Guinea-BissauPortugal
62.7%
Equatorial GuineaSpain
61.6%
CameroonGermany
61.2%
BurundiGermany
56.7%
EthiopiaIndependent
54.3%
LiberiaIndependent
53.7%

You're not logged in!

Compare scores with friends on all Sporcle quizzes.
Join for Free
OR
Log In

You Might Also Like...

Show Comments

Extras

Top Quizzes Today


Score Distribution

Your Account Isn't Verified!

In order to create a playlist on Sporcle, you need to verify the email address you used during registration. Go to your Sporcle Settings to finish the process.

Report this User

Report this user for behavior that violates our Community Guidelines.

Details: